[Event "Robecchetto op-B 19th"]
[Site "Robecchetto"]
[Date "2008.12.29"]
[Round "4"]
[White "Attuati, Stefano"]
[Black "Megassini, Stefano"]
[Result "1/2-1/2"]
[WhiteElo "1778"]
[BlackElo "1557"]
[PlyCount "45"]
[EventDate "2008.12.27"]
[EventType "swiss"]
[EventRounds "6"]
[EventCountry "ITA"]
[SourceTitle "EXT 2011"]
[Source "ChessBase"]
[SourceDate "2010.11.26"]
[SourceVersion "1"]
[SourceVersionDate "2010.11.26"]
[SourceQuality "1"]

1. e4 c5 2. Nf3 e6 3. d4 cxd4 4. Nxd4 Be7 5. Be2 d6 6. 0-0 Nf6 7. Nc3 0-0 8. Be3 a6 9. f4 d5 10. exd5 Nxd5 11. Nxd5 exd5 12. Bd3 Bc5 13. Kh1 Qf6 14. Rf3 Bg4 15. Ne2 Bxf3 16. Bxc5 Bxe2 17. Qxe2 Rc8 18. c3 Nc6 19. Qh5 g6 20. Qxd5 Re8 21. Qf3 Rad8 22. Rd1 Rxd3 23. Rxd3 1/2-1/2

[Event "Robecchetto op-B 19th"]
[Site "Robecchetto"]
[Date "2008.12.29"]
[Round "5"]
[White "Megassini, Stefano"]
[Black "Tamassia, Gabriele"]
[Result "1/2-1/2"]
[WhiteElo "1557"]
[BlackElo "1810"]
[PlyCount "31"]
[EventDate "2008.12.27"]
[EventType "swiss"]
[EventRounds "6"]
[EventCountry "ITA"]
[SourceTitle "EXT 2011"]
[Source "ChessBase"]
[SourceDate "2010.11.26"]
[SourceVersion "1"]
[SourceVersionDate "2010.11.26"]
[SourceQuality "1"]

1. d4 Nf6 2. c4 g6 3. Nc3 Bg7 4. Nf3 d6 5. Bg5 Nbd7 6. g3 0-0 7. Qd2 e5 8. d5 Re8 9. Bg2 a6 10. 0-0 Nc5 11. b4 Ncd7 12. Rab1 a5 13. a3 b6 14. Nb5 Ba6 15. Rfc1 Bb7 16. Nc3 1/2-1/2

[Event "Ceriano Laghetto Autunno op"]
[Site "Ceriano Laghetto"]
[Date "2006.11.14"]
[Round "2"]
[White "Megassini, Stefano"]
[Black "Clerici, Samuele"]
[Result "1-0"]
[WhiteElo "1527"]
[BlackElo "1431"]
[PlyCount "81"]
[EventDate "2006.11.07"]
[EventType "swiss"]
[EventRounds "6"]
[EventCountry "ITA"]
[SourceTitle "EXT 2011"]
[Source "ChessBase"]
[SourceDate "2010.11.26"]
[SourceVersion "1"]
[SourceVersionDate "2010.11.26"]
[SourceQuality "1"]

1. e4 e5 2. Bc4 Nf6 3. d3 c6 4. a3 d5 5. exd5 cxd5 6. Ba2 Bc5 7. Bg5 Bxf2+ 8. Kxf2 Ng4+ 9. Qxg4 Qb6+ 10. Be3 Qxe3+ 11. Kxe3 Bxg4 12. Bxd5 Nc6 13. Bxc6+ bxc6 14. Nf3 f6 15. Nc3 Rb8 16. Rab1 0-0 17. Ne4 f5 18. Nxe5 fxe4 19. Nxg4 exd3 20. cxd3 h5 21. Ne5 Rbe8 22. Ke4 Rf2 23. d4 c5 24. Kd3 cxd4 25. Nc6 Rxg2 26. Nxd4 Rd8 27. Kc3 Rc8+ 28. Kb3 Rd8 29. Nb5 Rb8 30. Ka4 Rg6 31. Nc7 Rb7 32. Rhc1 Rg2 33. h3 Rg3 34. Ne6 Rxh3 35. Rc8+ Kf7 36. Ng5+ Ke7 37. Nxh3 Kf6 38. Rf1+ Kg6 39. Rc6+ Kh7 40. Ng5+ Kg8 41. Rc8# 1-0